| 000 | 00510nam a22001577a 4500 | ||
|---|---|---|---|
| 999 |
_c528021 _d528021 |
||
| 082 | _a624 | ||
| 100 | _aQureshi, Nadeem Anwar | ||
| 245 |
_aEvaluation and Permeability Modeling of Open-Graded Friction Course Pavement / _cNadeem Anwar Qureshi |
||
| 260 |
_aIslamabad: _bSCee - NUST, _c2014. |
||
| 300 |
_a149 p.: ill.; _c30cm. |
||
| 942 |
_2ddc _cTHE |
||
| 650 |
_aPh. D Thesis _919288 |
||
| 700 |
_aDr. S. Muhammad Jamil _919531 |
||